000 01279nam2a22002411 4500
001 rc\4499707
005 20250612101909.0
021 _aRU
_b[60-67490]
035 _a(NLR Aleph) 008612569
090 _a8773043
_c8773043
100 _a20130416d1960 |||y0rusy50 ca
101 0 _arus
102 _aRU
105 _aa j |||||
200 0 _aЧ. 2
_e[Лекции 16-28]
210 _d1960
_aБ. м.
215 _a211 с.
_cил.
461 0 _1001rc\4499706
_12001#$aЭлектричество и магнетизм$eКурс лекций по физике$fМ-во высш. и сред. спец. образования РСФСР. Моск. инж.-экон. ин-т им. С. Орджоникидзе. Кафедра физики$vЧ. 2
_1700#1$aКронеберг$bП.М.$f1889-$gПетр Михайлович
_98773038
_aКронеберг, П.М. (1889-)
_cМосква
_d1960
_fМ-во высш. и сред. спец. образования РСФСР. Моск. инж.-экон. ин-т им. С. Орджоникидзе. Кафедра физики
_nБ. и.
_oКурс лекций по физике
_tЭлектричество и магнетизм
_vЧ. 2
801 0 _aRU
_bNLR
_gpsbo
801 1 _aRU
_bELAR
_2rusmarc
852 _aNLR
_j60-5/4302
942 _cBOOK
980 _aNB